Biblioteca

Psicología y epistemología / Jean Piaget ; Fransisco J. Fernández Buey, Traductor (Registro nro. 32121)

Detalles MARC
000 -LÍDER
Campo fijo de descripción fija 009180000a22002170004500
020 ## - NÚMERO INTERNACIONAL NORMALIZADO PARA LIBROS
Número Internacional Normalizado del libro 84-344-0707-8
041 0# - CÓDIGO DE IDIOMA
Código de idioma para texto/pista de sonido o título separado
082 04 - NÚMERO DE CLASIFICACIÓN DECIMAL DEWEY
Número de clasificación G 121.4 P579p
001 - NÚMERO DE CONTROL
Campo de control 620
100 1# - ASIENTO PRINCIPAL--NOMBRE PERSONAL
Nombre personal Piaget, Jean (1896-)
245 10 - TÍTULO
Título del Material Psicología y epistemología / Jean Piaget ; Fransisco J. Fernández Buey, Traductor
250 ## - MENCIÓN DE EDICIÓN
Mención de edición 2
260 ## - PUBLICACIÓN, DISTRIBUCIÓN, ETC. (PIE DE IMPRENTA)
Lugar de publicación, distribución, etc. Barcelona, España : Ariel
300 ## - DESCRIPCIÓN FÍSICA
Extensión 189 Pag.
336 ## - CONTENT TYPE
Content type term texto
Content type code txt
Source rdacontent
337 ## - MEDIA TYPE
Source rdamedia
Media type term sin mediación
Media type code n
338 ## - CARRIER TYPE
Source rdacarrier
Carrier type term volumen
Carrier type code nc
505 00 - NOTA DE CONTENIDO
Nota de contenido con formato preestablecido la epistemología genética -- de la psicología a la epistemología -- necesidad y significación de las investigaciones comparativas en psicología genética -- el mito del origen sensorial de los conocimientos científicos -- sobre la relación de las ciencias con la filosofía -- clasificación disciplinas y conexiones interdisciplinarias.
650 14 - ASIENTO SECUNDARIO DE MATERIA - TERMINO TEMÁTICO
Término temático o nombre geográfico como elemento de entrada COGNICION EN NIÑOS
942 ## - TIPO DE MATERIAL (KOHA)
Tipo de Item KOHA Libros General
Existencias
Estado de Material Estado de Perdido Estado de Dañado No para Préstamo Colección Tomo Biblioteca de Origen Biblioteca Permanente Fecha de Adquisición Total de Préstamos Signatura Topográfica Código de Barras Última vez visto Última vez Préstado Ejemplar/Existencia Fecha de Remplazo Tipo de Material
        Colección General   Biblioteca FUSBC Biblioteca FUSBC 20/09/2004 2 G 121.4 P579p 93 12/12/2019 11/08/2018 1 26/01/2016 Libros General

Biblioteca FUSBC | Teléfono: (57+4) 349 88 10 Ext. 141| WhatsApp (+57) 3005338115 
E-mail: biblioteca@unisbc.edu.co | Calle 76 87-14 Robledo Palenque, Medellín, Colombia

Con tecnología Koha